Linear least-squares estimation

Αποθηκεύτηκε σε:
Λεπτομέρειες βιβλιογραφικής εγγραφής
Άλλοι συγγραφείς: Kailath, Thomas (Επιμελητής έκδοσης)
Μορφή: Βιβλίο
Γλώσσα:English
Δημοσίευση: Stroudsburg, Pa. ; [New York] : Dowden, Hutchinson & Ross ; exclusive distributor, Halsted Press, c1977.
Σειρά:Benchmark papers in electrical engineering and computer science ; 17
Θέματα:
Ετικέτες: Προσθήκη ετικέτας
Δεν υπάρχουν, Καταχωρήστε ετικέτα πρώτοι!

MARC

LEADER 00000cam a2200000 i 4500
001 1/54953
008 941103s1977 pau ||| | eng||
020 |a 0879330988 
035 |l 10045145 
040 |a GR-MyUA  |b gre  |e AACR2 
041 0 |a eng 
082 0 |a 519.2  
245 1 0 |a Linear least-squares estimation /   |c edited by Thomas Kailath.  
260 |a Stroudsburg, Pa. ;   |a [New York] :   |b Dowden, Hutchinson & Ross ;   |b exclusive distributor, Halsted Press,   |c c1977.  
300 |a xiii, 318 σ. ;   |c 26 εκ.  
490 1 |a (Benchmark papers in electrical engineering and computer science   |v ; 17) 
504 |a Περιέχει βιβλιογραφικές αναφορές και ευρετήριο.  
650 0 0 |a Stochastic processes. 
650 0 0 |a Estimation theory. 
650 0 0 |a Least squares. 
650 0 0 |a Speeches, addresses, etc. 
700 1 |a Kailath, Thomas,  |e edt 
830 0 |a Benchmark papers in electrical engineering and computer science ;  |v  17 
852 |a INST  |b SAMOS  |e 19941103  |h 519.2 LIN  |p 005300001066  |q 005300001066  |t BK  |y 0 
909 |a Σ  |b 010324